Bilecik Bilecik Bilecik Bilecik Bilecik

Matematiğin fizik ve mühendisliğe uygulamaları/ (Record no. 11299)

MARC details
000 -BAŞLIK
Sabit Uzunluktaki Kontrol Alanı 01391nam a22003857a 4500
001 - KONTROL NUMARASI
Control Dosyası 0011330
003 - KONTROL NUMARASI KİMLİĞİ
Kontrol Alanı KOHA_MİRAKIL
005 - EN SON İŞLEM TARİHİ ve ZAMANI
Kontrol Alanı 20260207001813.0
007 - FİZİKSEL TANIM SABİT ALAN - GENEL BİLGİ
Sabit uzunluklu kontrol alanı ta
008 - SABİT UZUNLUKTAKİ VERİ ÖGELERİ - GENEL BİLGİ
Sabit Alan 091209b1998 tu |||gr||||#||||0|tur |
020 ## - ISBN - ULUSLARARASI STANDART KİTAP NUMARASI
Isbn 9758062042
Kullanılabilirlik koşulları 0,01
040 ## - KATALOGLAMA KAYNAĞI
Özgün Kataloglama Kurumu TR-BiSEU
Kataloglama Dili tur
Çeviri Kurumu TR-BiSEU
Açıklama Kuralları rda
041 0# - DİL KODU
Metin ya da ses kaydının dil kodu tur
044 ## - YAYINLAYAN/ÜRETEN KURULUŞUN ÜLKE KODU
ISO country code tu
050 ## - SINIFLAMA ve YER NUMARASI
Sınıflama Numarası QA372
Yer Numarası .A45 1998
100 1# - KİŞİ ADI
Yazar Adı (Kişi adı) Aliyev, Gabil Garibhanoğlu.
245 1# - ESER ADI BİLDİRİMİ
Başlık Matematiğin fizik ve mühendisliğe uygulamaları/
Sorumluluk Bildirimi Gabil Garibhanoğlu Aliyev ; Gabil Garibhanoğlu Aliyev.
264 #1 - ÜRERİM, YAYIN, DAĞITIM ve TELİF BİLDİRİMİ
Yayın yeri Niğde :
Yayınlayan Niğde Üniversitesi
Yayın tarihi 1998
300 ## - FİZİKSEL TANIMLAMA
Sayfa, Cilt vb. vi, 248 sayfa: grafik, resimli; 24 cm.
336 ## - İÇERİK TÜRÜ
Content type term metin
Content type code txt
Source rdacontent
337 ## - MEDYA TÜRÜ
Media type term aracısız
Media type code n
Source rdamedia
338 ## - TAŞIYICI TÜRÜ
Carrier type term cilt
Carrier type code nc
Source rdacarrier
490 1# - DİZİ BİLDİRİMİ
Dizi Bildirimi Niğde Üniversitesi Yayınları ;
Cilt Numarası No: 1.
490 1# - DİZİ BİLDİRİMİ
Dizi Bildirimi Matetmatik BölümüYayınları no ;
Cilt Numarası 1.Fen Edebiyat Fakültesi Yayınları No ;
-- 1.
500 ## - GENEL NOT
Genel Not Kaynakça var.
650 #0 - KONU BAŞLIĞI EK GİRİŞ - KONU TERİMİ
Konusal terim veya coğrafi ad Mathematics.
9 (RLIN) 2070
650 #0 - KONU BAŞLIĞI EK GİRİŞ - KONU TERİMİ
Konusal terim veya coğrafi ad Mathematical physics.
9 (RLIN) 3846
650 #0 - KONU BAŞLIĞI EK GİRİŞ - KONU TERİMİ
Konusal terim veya coğrafi ad Engineering mathematics.
9 (RLIN) 19133
650 #0 - KONU BAŞLIĞI EK GİRİŞ - KONU TERİMİ
Konusal terim veya coğrafi ad Matematik.
9 (RLIN) 1486
650 #0 - KONU BAŞLIĞI EK GİRİŞ - KONU TERİMİ
Konusal terim veya coğrafi ad Matematiksel fizik.
9 (RLIN) 27604
650 #0 - KONU BAŞLIĞI EK GİRİŞ - KONU TERİMİ
Konusal terim veya coğrafi ad Mühendislik matematiği.
9 (RLIN) 1658
830 1# - SERİ EK GİRİŞİ - TEKBİÇİM ESER ADI
Tekbiçim Başlık Niğde Üniversitesi Yayınları ;
Volume number/sequential designation No: 1.
9 (RLIN) 27605
830 1# - SERİ EK GİRİŞİ - TEKBİÇİM ESER ADI
Tekbiçim Başlık Matetmatik BölümüYayınları no ;
Volume number/sequential designation 1.Fen Edebiyat Fakültesi Yayınları No ;
-- 1.
9 (RLIN) 27606
942 ## - EK GİRİŞ ÖGELERİ (KOHA)
Source of classification or shelving scheme Library of Congress Classification
Koha item type Book
Holdings
Materyal Türü Kalıcı Konum Mevcut Konum Raf Yeri Sınıflandırma Kaynağı Edinim Bilgisi Ana Konular Alt Konular Yer Numarası Demirbaş Numarası Fatura Tarihi Geri Çekilme Durumu Kayıp Durumu Hasarlı Durumu Kredi için değil Kayıt Tarih Toplam Ödünçverme Son Görülme Tarihi Son Kontrol Tarihi Genel / Bağış Notu
Book Prof. Dr. Azmi Özcan Kütüphanesi Prof. Dr. Azmi Özcan Kütüphanesi Birûni Salonu Library of Congress Classification Bağış BİLİM Matematik QA372 .A45 1998 0011330 13/08/2010         09/12/2009 2 05/12/2024 05/12/2024 YÖK Tez Merkezi